Oracle Developer/ 2000: Настольная книга пользователя; пер. с англ.

Bibliographic Details
Main Author: Мюллер Р. Дж. Роберт Дж.
Language:Russian
Published: Москва, Лори, 1999
Subjects:
Format: Book
KOHA link:https://koha.lib.tpu.ru/cgi-bin/koha/opac-detail.pl?biblionumber=10296

MARC

LEADER 00000nam0a2200000 4500
001 10296
005 20231030182850.0
010 |a 5855820467 
035 |a (RuTPU)RU\TPU\book\10357 
035 |a BOOK00010421 
090 |a 10296 
100 |a 20011209d1999 km y0rusy50 ca 
101 1 |a rus  |c eng 
102 |a RU 
105 |a y z 000zy 
200 1 |a Oracle Developer/ 2000  |e Настольная книга пользователя  |e пер. с англ.  |f Р. Дж. Мюллер 
210 |a Москва  |c Лори  |d 1999 
215 |a 382 с. 
610 1 |a программы 
610 1 |a программные продукты 
610 1 |a Oracle 
610 1 |a Developer/2000 
675 |a 681.3.066  |v 3 
700 1 |a Мюллер  |b Р. Дж.  |g Роберт Дж. 
801 0 |a RU  |b 63413507  |c 20011209  |g PSBO 
801 2 |a RU  |b 63413507  |c 20080412  |g PSBO 
942 |c BK